The Prophet / (Record no. 17794)

MARC details
000 -LEADER
fixed length control field 00924cam a22003015i 4500
003 - CONTROL NUMBER IDENTIFIER
control field EG-ScBUE
005 - DATE AND TIME OF LATEST TRANSACTION
control field 20201103101221.0
008 - FIXED-LENGTH DATA ELEMENTS--GENERAL INFORMATION
fixed length control field 131030t20112011ii f 000 p eng d
020 ## - INTERNATIONAL STANDARD BOOK NUMBER
International Standard Book Number 9789380848082
040 ## - CATALOGING SOURCE
Original cataloging agency EG-ScBUE
Language of cataloging eng
Description conventions rda
Transcribing agency EG-ScBUE
Modifying agency EG-ScBUE
041 1# - LANGUAGE CODE
Language code of text/sound track or separate title eng
Language code of original and/or intermediate translations of text ara
082 04 - DEWEY DECIMAL CLASSIFICATION NUMBER
Classification number 811.52
Item number GIB
Edition number 21
100 1# - MAIN ENTRY--PERSONAL NAME
Personal name Gibran, Khalil,
Dates associated with a name 1883-1931,
Relator term author.
9 (RLIN) 34552
245 14 - TITLE STATEMENT
Title The Prophet /
Statement of responsibility, etc Khalil Gibran.
250 ## - EDITION STATEMENT
Edition statement Complete and unabridged edition.
264 #1 - PUBLICATION, DISTRIBUTION, ETC. (IMPRINT)
Place of publication, distribution, etc New Delhi :
Name of publisher, distributor, etc Blueberry Books,
Date of publication, distribution, etc [2011]
264 #4 - PUBLICATION, DISTRIBUTION, ETC. (IMPRINT)
Date of publication, distribution, etc c2011
300 ## - PHYSICAL DESCRIPTION
Extent 77 pages ;
Dimensions 20 cm
336 ## - CONTENT TYPE
Content type term text
Content type code txt
Source rdacontent
337 ## - MEDIA TYPE
Media type term unmediated
Media type code n
Source rdamedia
338 ## - CARRIER TYPE
Carrier type term volume
Carrier type code nc
Source rdacarrier
546 ## - LANGUAGE NOTE
Language note Text in English; translated from Arabic.
650 #7 - SUBJECT ADDED ENTRY--TOPICAL TERM
Topical term or geographic name as entry element Prose poems, American.
Source of heading or term BUEsh
9 (RLIN) 34555
650 #7 - SUBJECT ADDED ENTRY--TOPICAL TERM
Topical term or geographic name as entry element Mysticism
General subdivision Poetry.
Source of heading or term BUEsh
9 (RLIN) 34556
651 ## - SUBJECT ADDED ENTRY--GEOGRAPHIC NAME
Source of heading or term BUEsh
653 ## - INDEX TERM--UNCONTROLLED
Resource For college Generalities
Arrived date list December2013
942 ## - ADDED ENTRY ELEMENTS (KOHA)
Source of classification or shelving scheme Dewey Decimal Classification
Koha item type Book - Borrowing
Holdings
Withdrawn status Lost status Source of classification or shelving scheme Materials specified (bound volume or other part) Damaged status Not for loan Collection code Home library Current library Shelving location Date acquired Source of acquisition Cost, normal purchase price Total Checkouts Total Renewals Full call number Barcode Date last seen Date checked out Cost, replacement price Price effective from Koha item type Checked out
  Lost Dewey Decimal Classification Lost In Inventory 15-7-2025     سور الازبكية Central Library Central Library Second Floor 08/12/2013   25.00 6 5 811.52 GIB 000035123 16/10/2024 03/10/2024 31.75 08/12/2013 Book - Borrowing  
    Dewey Decimal Classification       Donation-Gift Central Library Central Library Second Floor 15/08/2021 Purchase   1 1 811.52 GIB 000050530 29/09/2024 29/09/2024   15/08/2021 Book - Borrowing 14/10/2024